Normal view
MARC view
- Alcoser, Edmund.
Entry Personal Name
001 - CONTROL NUMBER
- control field: 38536
003 - CONTROL NUMBER IDENTIFIER
- control field: OSt
005 - DATE AND TIME OF LATEST TRANSACTION
- control field: 20190425143557.0
008 - FIXED-LENGTH DATA ELEMENTS
- fixed length control field: 190425|| aca||aabn | a|a d
040 ## - CATALOGING SOURCE
- Original cataloging agency: OSt
- Transcribing agency: OSt
100 ## - HEADING--PERSONAL NAME
- Personal name: Alcoser, Edmund.
670 ## - SOURCE DATA FOUND
- Source citation: Work cat.: (OSt): Uy, Deneice Trixie D. 38534, Implementation of curfew among minors and acceptance of residents in Barangay Aplaya /, November 2018.
